000 00220 a2200097 4500
001 23610
100 _aCrowhurst, N.H
245 _aElectronics reference data book
260 _a
_bTab Books
_c1969
090 _c15995
_d15995
942 _aNUST-CAE
_cM
_c6663
999 _c258683
_d258683